000 02395nam0a2200373 4500
001 RU\NLR\bibl\730030
005 20260407093657.0
035 _a(NLR Aleph) 000720005
090 _a696994
_c696994
100 _a20050301d2004 |||y0rusy50 ca
101 0 _arus
102 _aRU
105 _ay |||||||||
200 1 _aИстория экономики России и зарубежных стран
_dHistory of Russian and foreign economy
_eучеб. пособие для студентов вузов
_fМ-во образования и науки Рос. Федерации, Тамб. гос. ун-т им. Г.Р. Державина
_g[Волков С.И., к.э.н., доц. и др.
_gПод общ. ред. Юрьева В.М., д.э.н., проф., засл. деят. науки РФ]
_zeng
210 _aТамбов
_cИзд-во ТГУ
_d2004
215 _a304, [1] с.
_d21
320 _aБиблиогр.: с. 303-305 (37 назв.)
510 0 _aHistory of Russian and foreign economy
_zeng
606 0 _aЭкономическая история
_jРуководства, пособия и т.п. для высшей школы
_91013597
_3RU\NLR\auth\66386241
606 0 _aЭкономическая история
_jУчебные издания для высших учебных заведений
_91013597
_3RU\NLR\auth\66386241
606 0 _aРыночная экономика
_jРуководства, пособия и т.п. для высшей школы
_91709114
_3RU\NLR\auth\661059219
606 0 _aРыночная экономика
_jУчебные издания для высших учебных заведений
_91709114
_3RU\NLR\auth\661059219
686 _aУ03(0)я73
686 _aУ5-17я73
686 _aУ03(2)я73
702 1 _4220
_8rus
_7ca
_aВолков
_bС.И.
_cканд. экон. наук, макроэкономика
_gСергей Иванович
_3RU\NLR\auth\7724225
_97276
702 1 _4340
_8rus
_7ca
_aЮрьев
_bВ. М.
_f1956-
_gВладислав Михайлович
_3RU\NLR\auth\7724227
_97278
712 0 2 _4570
_aТамбовский государственный университет им. Г. Р. Державина
_3RU\NLR\AUTH\889917219
_9330608
801 0 _aRU
_bNLR
_c20050301
_grcr
801 1 _aRU
_bNLR
_c20050301
830 _aСост. по кн., ред. по ЭК
942 _cBOOK
980 _aNB